The Presidentialisation of Political Parties in the Western Balkans

This book examines the process of presidentialisation of political parties in the Western Balkans. The Western Balkan countries deserve to be analysed in a comparative perspective due to their distinctive features in terms of processes of democratization, forms of government and institutional assets...

Full description

Bibliographic Details
Corporate Author: SpringerLink (Online service)
Other Authors: Passarelli, Gianluca (Editor, http://id.loc.gov/vocabulary/relators/edt)
Format: Electronic eBook
Language:English
Published: Cham : Springer International Publishing : Imprint: Palgrave Macmillan, 2019.
Edition:1st ed. 2019.
Subjects:
Online Access:Full Text via HEAL-Link
LEADER 03521nam a2200481 4500
001 978-3-319-97352-4
003 DE-He213
005 20191025092935.0
007 cr nn 008mamaa
008 180824s2019 gw | s |||| 0|eng d
020 |a 9783319973524  |9 978-3-319-97352-4 
024 7 |a 10.1007/978-3-319-97352-4  |2 doi 
040 |d GrThAP 
050 4 |a JN1-9692.2 
072 7 |a JP  |2 bicssc 
072 7 |a POL058000  |2 bisacsh 
072 7 |a JP  |x 1D  |2 thema 
082 0 4 |a 320.94  |2 23 
245 1 4 |a The Presidentialisation of Political Parties in the Western Balkans  |h [electronic resource] /  |c edited by Gianluca Passarelli. 
250 |a 1st ed. 2019. 
264 1 |a Cham :  |b Springer International Publishing :  |b Imprint: Palgrave Macmillan,  |c 2019. 
300 |a XXII, 217 p. 15 illus.  |b online resource. 
336 |a text  |b txt  |2 rdacontent 
337 |a computer  |b c  |2 rdamedia 
338 |a online resource  |b cr  |2 rdacarrier 
347 |a text file  |b PDF  |2 rda 
505 0 |a 1. the Presidentialisation of Political Parties in the Western Balkans -- 2. the Presidentialisation of Political Parties in Croatia -- 3. the Presidentialisation of Political Parties in Bosnia and Herzegovina: A Mitigated Presidentialism -- 4. the Presidentialisation of Political Parties in Macedonia: The Role of Ethnics -- 5. the Presidentialisation of Political Parties in Montenegro: A Limited Semi-Presidentialism -- 6. the Presidentialisation of Political Parties in Slovenia: Leaders and Parties -- 7. the Presidentialisation of Political Parties in Albania: The Parliamentary Constraints -- 8. the Presidentialisation of Political Parties in Kosovo: The Institutional Limits. 
520 |a This book examines the process of presidentialisation of political parties in the Western Balkans. The Western Balkan countries deserve to be analysed in a comparative perspective due to their distinctive features in terms of processes of democratization, forms of government and institutional assets, the presence of social cleavages (religious, linguistic, ethnic), and, of course, the nature of political parties which differs from other European cases, especially in terms of origins, organization and structure. However, Western Balkan political parties do show certain similarities with other West European cases where power is centralised and held by the parties' leadership. The book ultimately attempts to test whether and to what extent the influence of institutional variables affects the level of presidentialisation of political parties, also considering the parties' organization features. 
650 0 |a Europe-Politics and government. 
650 0 |a Comparative politics. 
650 0 |a Legislative bodies. 
650 1 4 |a European Politics.  |0 http://scigraph.springernature.com/things/product-market-codes/911130 
650 2 4 |a Comparative Politics.  |0 http://scigraph.springernature.com/things/product-market-codes/911040 
650 2 4 |a Legislative and Executive Politics.  |0 http://scigraph.springernature.com/things/product-market-codes/911240 
700 1 |a Passarelli, Gianluca.  |e editor.  |4 edt  |4 http://id.loc.gov/vocabulary/relators/edt 
710 2 |a SpringerLink (Online service) 
773 0 |t Springer eBooks 
776 0 8 |i Printed edition:  |z 9783319973517 
776 0 8 |i Printed edition:  |z 9783319973531 
776 0 8 |i Printed edition:  |z 9783030073411 
856 4 0 |u https://doi.org/10.1007/978-3-319-97352-4  |z Full Text via HEAL-Link 
912 |a ZDB-2-POS 
950 |a Political Science and International Studies (Springer-41174)